Anayasa reformu aracılığı ile Türkiye'nin denge ve denetleme sisteminin güçlendirilmesi (Record no. 5405)

MARC details
000 -BAŞLIK
Sabit Uzunlukta Kontrol Alanı 00659na a2200217 4500
001 - KONTROL NUMARASI
Denetim Alanı 18476
003 - KONTROL NUMARASI IDENTIFIER
Denetim Alanı MIRAKIL
005 - SON İŞLEM TARİHİ VE ZAMANI
Denetim Alanı 20181213155035.0
008 - SABİT-BOY VERİ ELEMANLARI - GENEL BİLGİLER
Sabit Uzunlukta Kontrol Alanı 161118b tu 000 0
040 ## - KATALOGLAMA KAYNAK
Orijinal Kataloglama Ajansı Milas
Kataloglama Dili tur
Metne Dönüştürmek Ajansı TR-AnCHP
041 ## - DİL KODU
Metin / Ses Parça Veya Ayrı Başlığın Dil Kodu tur
082 ## - DEWEY ONLU SINIFLANDIRMA NUMARASI
Sınıflandırma Numarası 340.3
Ürün Numarası A52 [t.y.]
090 ## - SINIFLAMA NUMARASI
Sınıflama Numarası 340.3 A52 [t.y.]
245 ## - BAŞLIK TABLOSU
Başlık Anayasa reformu aracılığı ile Türkiye'nin denge ve denetleme sisteminin güçlendirilmesi
Sorumluluk Tablosu, Vb İstanbul Politikalar Merkezi
260 ## - YAYIN, DAĞITIM, VB
Yayın, Dağıtım, Vb Yeri İstanbul
Yayıncı, Dağıtıcı, Vs Adı İPM
Yayın, Dağıtım, Vb Tarihi [t.y.]
300 ## - FİZİKSEL TANIM
Kapsam 29 s.
Boyutlar 27 sm. +
Eşlik Eden Malzeme 1 CD
650 ## - KONU KATMA GİRİŞ - TOPİKAL DÖNEM
Topikal Süreli Veya Coğrafi Ad Giriş Elemanı Hukuk reformu
651 ## - KONU KATMA GİRİŞ - COĞRAFİ ADI
Coğrafi İsim Türkiye
Genel Alt Bölümü Yargı sistemi
710 ## - KATMA GİRİŞ - KURUMSAL ADI
Giriş Elemanı Olarak Kurumsal Ad Veya Yargı Alanı Adı İstanbul Politikalar Merkezi
942 ## - EKLENDİ GİRİŞ ELEMANLARI (KOHA)
Sınıflandırma Veya Raf Düzeni Kaynak
Koha Öğesi Türü Books
999 ## - SİSTEM KONTROL NUMARALARI (KOHA)
Koha Biblionumber 5405
Koha Biblioitemnumber 5405
Holdings
Kalıcı Konum Mevcut Konum Edinme Tarihi Edinim Kaynak Toplam Check-Out'Lar Tam Çağrı Numarası Barkod Tarih Son Görülme İtibaren Geçerli Fiyatlar Koha Öğesi Türü Kopya Sayısı
CHP Kütüphanesi CHP Kütüphanesi 11/18/2016 Bağış   340.3 A52 [t.y.] 008782 11/18/2016 11/18/2016 Books  
CHP Kütüphanesi CHP Kütüphanesi 01/25/2017 Bağış   340.3 A52 [t.y.] 012633 01/25/2017 01/25/2017 Books k.2